000 00595cam a2200217 a 4500
001 881564
005 20180212031645.0
008 800215s1980 nyu b 001 0 eng
010 _a 80011705
020 _a0442206615
040 _aDLC
_cDLC
_dDLC
041 _aeng
080 _a305.26 BEN
082 0 0 _a305.26 BEN
100 _a50
101 _aSOC
245 0 0 _aAging, isolation, and resocialization /
_cedited by Ruth Bennett ; foreword by Joseph Zubin.
504 _aIncludes bibliographies and index.
906 _a7
_bcbc
_corignew
_d1
_eocip
_f19
_gy-gencatlg
942 _2ddc
_cBK
999 _c42276
_d42276